| 000 | 005940000a22001810004500 | ||
|---|---|---|---|
| 003 | MACL | ||
| 005 | 20160531134225.0 | ||
| 008 | 160531b xxu||||| |||| 00| 0 eng d | ||
| 040 |
_aMACL _cMACL |
||
| 041 | _aHindi | ||
| 082 | _a900 SIN | ||
| 100 |
_aसिंह, खुशवंत _955009 |
||
| 245 |
_aसिखों का इतिहास _bखंड 1 : 1469-1839 _cखुशवंत सिंह |
||
| 260 |
_aनई दिल्ली _bकिताबघर प्रकाशन _c2009 |
||
| 350 | _a647 | ||
| 650 |
_aइतिहास _961012 |
||
| 942 |
_cHIN _k900 _2ddc |
||
| 999 |
_c46026 _d46026 |
||